Most populated city of every country excluding the capital - Statistics

General Stats
  • This quiz has been taken 11 times
  • The average score is 72 of 191
Answer Stats
País Ciudad más poblada (excluyendo capital) % Correct
Egypt Alexandria
86%
Spain Barcelona
86%
Sierra Leone Bo
86%
Morocco Casablanca
86%
France Marseille
86%
Italy Milan
86%
United States of America New York
86%
Portugal Porto
86%
Netherlands Rotterdam
86%
Liechtenstein Schaan
86%
China Shanghai
86%
Croatia Split
86%
Switzerland Zúrich
86%
Kazakhstan Almaty
71%
Belgium Antwerp
71%
Norway Bergen
71%
United Kingdom Birmingham
71%
South Korea Busan
71%
Ireland Cork
71%
Tanzania Dar es Salaam
71%
United Arab Emirates Dubai
71%
Germany Hamburg
71%
Vietnam Ho Chi Minh City
71%
Turkey Istanbul
71%
Southafrica Johannesburg
71%
Togo Kara
71%
Pakistan Karachi
71%
Nigeria Lagos
71%
India Mumbai
71%
Algeria Oran
71%
Japan Osaka
71%
Russia Saint Petersburg
71%
Cuba Santiago de Cuba
71%
Dominican Republic Santiago de los Caballeros
71%
Brazil São Paulo
71%
Australia Sydney
71%
Israel Tel Aviv
71%
Greece Thessaloniki
71%
Canada Toronto
71%
Denmark Aarhus
57%
Ivory Coast Abidjan
57%
Yemen Aden
57%
Syria Aleppo
57%
New Zealand Auckland
57%
Iraq Basra
57%
Czech Republic Brno
57%
Romania Cluj-Napoca
57%
Argentina Córdoba
57%
Cameroon Douala
57%
Albania Durrës
57%
Finland Espoo
57%
Sweden Gothenburg
57%
Austria Graz
57%
Mexico Guadalajara
57%
Ecuador Guayaquil
57%
Saudi Arabia Jeddah
57%
Lithuania Kaunas
57%
Ukraine Kharkiv
57%
Poland Krakow
57%
Cyprus Limassol
57%
Slovenia Maribor
57%
Colombia Medellín
57%
Kenya Mombasa
57%
Montenegro Nikšić
57%
Serbia Novi Sad
57%
Kyrgyzstan Osh
57%
Republic of Congo Pointe-Noire
57%
Philippines Quezon
57%
Estonia Tartu
57%
Perú Arequipa
43%
Bosnia and Herzegovina Banja Luka
43%
Georgia Batumi
43%
Burundi Bujumbura
43%
Zimbabwe Bulawayo
43%
Thailand Chiang Mai
43%
Banglaesh Chittagong
43%
Sri Lanka Colombo
43%
Latvia Daugavpils
43%
Hungary Debrecen
43%
Botswana Francistown
43%
Belarus Gomel
43%
Somalia Hargeisa
43%
Afghanistan Herat
43%
Malaysia Johor Bahru
43%
Iceland Keflavik
43%
Slovakia Košice
43%
Ghana Kumasi
43%
Venezuela Maracaibo
43%
Iran Mashhad
43%
Democratic Republic of Congo Mbuji-Mayi
43%
Mauritania Nouadhibou
43%
Bulgaria Plovdiv
43%
Kosovo Prizren
43%
Tunisia Sfax
43%
Cambodia Siem Reap
43%
Indonesia Surabaya
43%
Taiwan Taichung
43%
Moldova Tiraspol
43%
Lebanon Tripoli
43%
Chile Valparaíso
43%
Myanmar Yangon
43%
Bahrein Al Muharraq
29%
Belize Belize City
29%
Central African Republic Bimbo
29%
Malawi Blantyre
29%
Burkina Faso Bobo-Dioulasso
29%
Costa Rica Cartago
29%
Trinidad and Tobago Chaguanas
29%
Paraguay Ciudad del Este
29%
Bahamas Freeport
29%
Eritrea Keren
29%
North Macedonia Kumanovo
29%
Niger Maradi
29%
Uzbekistan Namangan
29%
Sudan Omdurman
29%
Nepal Pokhara
29%
Uruguay Salto
29%
Honduras San Pedro Sula
29%
El Salvador Santa Ana
29%
Bolivia Santa Cruz de la Sierra
29%
San Marino Serravalle
29%
Mali Sikasso
29%
Senegal Touba
29%
Turkmenistan Turkmenabat
29%
Federate States of Micronesia Weno
29%
Jordan Zarqa
29%
Sao Tome and Príncipe Agua Grande
14%
Djibouti Ali Sabieh
14%
Antigua and Barbuda All Saints
14%
Solomon Islands Auki
14%
Equatorial Guinea Bata
14%
East Timor Baucau
14%
Libya Bengazhi
14%
Malta Birkirkara
14%
Panama Colón
14%
Mongolia Erdenet
14%
Andorra Escaldes-Engordany
14%
Armenia Gyumri
14%
North Korea Hamhung
14%
Guinea Kankan
14%
Tajikistan Khujand
14%
Zambia Kitwe
14%
Palau Koror
14%
Brunei Kuala Belait
14%
Papua New Guinea Lae
14%
Fiji Lautoka
14%
Nicaragua León
14%
Guyana Linden
14%
Angola Lubango
14%
Vanuatu Luganville
14%
South Sudan Malakal
14%
Eswatini Manzini
14%
Mozambique Matola
14%
Cape Verde Mindelo
14%
Gabon Port-Gentil
14%
Dominica Portsmouth
14%
Guatemala Quetzaltenango
14%
Madagascar Toamasina
14%
Mauritius Vacoas-Phoenix
14%
Benin Abomey-Calavi
0%
Kuwait Al Ahmadi
0%
Qatar Al Wakrah
0%
Oman As Seeb
0%
Saint Vincent and the Granadines Calliaqua
0%
Seychelles Cascade
0%
Saint Kitts and Nevis Cayon
0%
Luxembourg Esch-sur-Alzette
0%
Guinea-Bissau Gabu
0%
Liberia Gbarnga
0%
Haiti Gonaives
0%
Ethiopia Gonder
0%
Grenada Gouyave
0%
Saint Lucia Gros Islet
0%
Kiribati Kiritimati
0%
Tonga Kolomotua
0%
Suriname Lelydorp
0%
Laos Luang Prabang
0%
Lesotho Maputsoe
0%
Uganda Mbale
0%
Nauru Meneng
0%
Chad Moundou
0%
Comoros Mutsamudu
0%
Buthan Phuntsholing
0%
Jamaica Portmore
0%
Rwanda Rubavu
0%
Namibia Rundu
0%
Gambia Serekunda
0%
Barbados Speightstown
0%
Azerbaijan Sumqayit
0%
Samoa Tuamasaga
0%
Tuvalu Vaitupu
0%
No matching quizzes found
Score Distribution
Percent of People with Each Score
Percentile by Number Answered
Your Score History
You have not taken this quiz